فقه الإمام البخاري في كتاب الصلاة من جامعه الصحيح : دراسة مقارنة /
Saved in:
| Main Author: | |
|---|---|
| Other Authors: | |
| Format: | Thesis |
| Language: | Arabic |
| Published: |
Makkah al-Mukarramah :
Jamiat Umm al-Qura,
2002
|
| Subjects: | |
| Tags: |
Add Tag
No Tags, Be the first to tag this record!
|
| LEADER | 016840000a22003130004500 | ||
|---|---|---|---|
| 008 | 130512s2002 su f 000 0 ara d | ||
| 040 | |a UIAM |b eng | ||
| 041 | |a ara | ||
| 050 | 0 | 0 | |a BP184.3 |
| 100 | 1 | |a مزروع، منى صالح عبد الله | |
| 242 | 1 | 0 | |a Fiqh al-Imam al-Bukhari fi-kitab al-salah min jami'ihi al-sahih : |b dirasah muqaranah |
| 245 | 1 | 0 | |a فقه الإمام البخاري في كتاب الصلاة من جامعه الصحيح : |b دراسة مقارنة / |c إعداد منى صالح عبد الله المزروع |
| 260 | |a Makkah al-Mukarramah : |b Jamiat Umm al-Qura, |c 2002 | ||
| 300 | |a viii, 551 leaves ; |c 30 cm. | ||
| 500 | |a "رسالة مقدمة لنيل درجة الماجستير في الفقه" --On t.p. | ||
| 500 | |a Abstract in English and Arabic. | ||
| 502 | |a Thesis (M.A.)--Jami'at Umm al-Qura, 2002. | ||
| 504 | |a Includes bibliographical references (leaves 522-548) and indexes. | ||
| 596 | |a 1 | ||
| 600 | 1 | |a Bukhari, Muhammad ibn Isma'il, |d 810-870. |p Kitab al-salah |t Jami' al-sahih. | |
| 650 | 0 | |a Hadith |x Criticism, interpretation, etc | |
| 650 | 0 | |a Salat | |
| 655 | |a Theses, Facsimile edition (Islamic) | ||
| 700 | 1 | |a Mazrou, Muna Salih 'Abd Allah | |
| 710 | 2 | |a Jami'at Umm al-Qura. |b Kulliyat al-Shari'ah wa-al-Dirasat al-Islamiyah. Qism al-Dirasat al-'Ulya | |
| 710 | 2 | |a جامعة أم القرى. |b كلية الشريعة والدراسات الاسلامية. قسم الدراسات العليا | |
| 900 | |a arf-sar | ||
| 999 | |c 433095 |d 464323 | ||
| 952 | |0 0 |6 TI BP 000184.3 M476F 2002 |7 0 |8 THESES |9 757332 |a IIUM |b IIUM |c MULTIMEDIA |g 569.00 |o ti BP 184.3 M476F 2002 |p 00011271144 |r 2017-10-23 |t 1 |v 569.00 |y THESIS | ||
